[Event "27th Czech Open A 2016"]
[Site "Pardubice CZE"]
[Date "2016.07.29"]
[Round "8.74"]
[White "Obsivac, Josef"]
[Black "Johannesson, Oliver"]
[Result "1/2-1/2"]
[WhiteTitle "FM"]
[BlackTitle "FM"]
[WhiteElo "2365"]
[BlackElo "2232"]
[WhiteFideId "303690"]
[BlackFideId "2305623"]
[EventDate "2016.07.22"]

1. d4 Nf6 2. c4 c5 3. d5 b5 4. cxb5 a6 5. b6 d6 6. Nc3 Nbd7 7. e4 g6 8. Nf3 Bg7
9. a4 Qxb6 10. Be2 O-O 11. O-O Ne8 12. Nd2 Rb8 13. Ra3 Qd8 14. f4 Rb4 15. Nc4 f5
16. exf5 gxf5 17. Na2 Rb8 18. Rh3 Ndf6 19. Nc3 Rb4 20. a5 Ng4 21. Rhf3 Nc7 22.
h3 Nf6 23. Bd2 Bb7 24. Rg3 Kh8 25. Ne3 Ne4 26. Nxe4 Rxe4 27. Bd3 Rxe3 28. Bxe3
Nxd5 29. Bd2 Bxb2 30. Qh5 e6 31. Rb1 Bd4+ 32. Kh2 Qd7 33. Qe2 Ra8 34. Bc4 Qe7
35. Rxb7 Qxb7 36. Qxe6 Nf6 37. Qxf5 Qe4 38. Bd3 Qxf5 39. Bxf5 d5 40. Rb3 c4 41.
Rb7 Re8 42. Bb4 Be3 43. Bd6 d4 44. g4 d3 45. Be5 Rxe5 46. fxe5 Bf4+ 47. Kh1 Bxe5
48. g5 d2 49. Bc2 Ne4 50. Kg2 Nxg5 51. h4 Ne6 52. Rxh7+ Kg8 53. Re7 Nd4 54. Bd1
c3 55. Rd7 c2 56. Bxc2 Nxc2 57. Rxd2 Nd4 58. Kh3 Nb5 59. Kg4 Bc3 60. Ra2 Kg7 61.
h5 Kh6 62. Rc2 Bxa5 63. Rc6+ Kh7 64. Rxa6 Bd2 65. Rb6 Nd4 66. Rd6 Be3 67. Rd5
Kh6 68. Re5 Bd2 69. Re7 Bc1 70. Rc7 Bb2 71. Rc4 Ba1 72. Ra4 Bc3 73. Ra6+ Kh7 74.
Kf4 Nb5 75. Rb6 Nd4 76. Ke4 Be1 77. Rg6 Ne2 78. Kf3 Ng3 79. Rg5 Kh6 80. Kg4 Nxh5
81. Rxh5+ 1/2-1/2

[Event "27th Czech Open A 2016"]
[Site "Pardubice CZE"]
[Date "2016.07.29"]
[Round "8.75"]
[White "Davletbayeva, Madina"]
[Black "Wenninger, Philipp"]
[Result "0-1"]
[WhiteTitle "WIM"]
[WhiteElo "2235"]
[BlackElo "2356"]
[WhiteFideId "13703595"]
[BlackFideId "4648404"]
[EventDate "2016.07.22"]

1. e4 c6 2. d4 d5 3. exd5 cxd5 4. c4 Nf6 5. Nc3 Nc6 6. Nf3 Bg4 7. cxd5 Nxd5 8.
Qb3 Bxf3 9. gxf3 Nb6 10. Be3 e6 11. d5 exd5 12. O-O-O Be7 13. Nxd5 Nxd5 14. Rxd5
Qc7 15. Kb1 O-O 16. Rd1 Bf6 17. Bd3 Rfd8 18. Rc1 Qe5 19. Be4 Na5 20. Qb4 Nc6 21.
Qb3 Na5 22. Qb4 Nc6 23. Qb3 a5 24. Rc5 Qe7 25. a3 a4 26. Qb6 Ra6 27. Qb5 Ra5 28.
Qc4 Rxc5 29. Bxc5 Qe5 30. Qc2 g6 31. Be3 Na5 32. Bc1 Nb3 33. h4 Qe6 34. h5 Rc8
35. Qe2 Bg7 36. h6 Nxc1 37. Rxc1 Rxc1+ 38. Kxc1 Bxh6+ 39. Kd1 Qb6 40. Qc2 Qd4+
41. Ke1 b6 42. Bc6 Bg7 43. Bb5 Qe5+ 44. Be2 Qxb2 45. Qxa4 Bf8 46. Qc6 Bxa3 47.
Bc4 Bb4+ 48. Kf1 Bf8 49. Kg2 Kg7 50. Qd5 Qf6 51. Bb3 Bc5 52. Bc4 h6 53. Kf1 Qf4
54. Bb3 h5 55. Kg2 h4 56. Bc4 Bd6 57. Bb3 h3+ 58. Kf1 h2 0-1

[Event "27th Czech Open A 2016"]
[Site "Pardubice CZE"]
[Date "2016.07.29"]
[Round "8.76"]
[White "Raja, Harshit"]
[Black "Commercon, Simon"]
[Result "0-1"]
[WhiteElo "2351"]
[BlackElo "2221"]
[WhiteFideId "5089000"]
[BlackFideId "24620998"]
[EventDate "2016.07.22"]

1. e4 e5 2. Nf3 Nc6 3. Bb5 f5 4. d3 fxe4 5. dxe4 Nf6 6. O-O Bc5 7. Bc4 d6 8. Ng5
Rf8 9. b4 Nxb4 10. Nxh7 Rh8 11. Ng5 Nxe4 12. Nf3 Bg4 13. h3 Qf6 14. a3 Nxc2 15.
Bd3 Bxf3 16. Qxf3 Qxf3 17. gxf3 Nxa1 18. Bxe4 Nb3 19. Bxb7 Rb8 20. Bc6+ Kf8 21.
Bg5 Rxh3 22. Kg2 Rh5 23. f4 Nd4 24. Bd7 Kf7 25. Bg4 Rxg5 26. fxg5 Ne6 27. g6+
Kf6 28. Nc3 Nf4+ 29. Kh2 d5 0-1

[Event "27th Czech Open A 2016"]
[Site "Pardubice CZE"]
[Date "2016.07.29"]
[Round "8.77"]
[White "Contin, Daniel"]
[Black "Sylvan, Jacob"]
[Result "1/2-1/2"]
[WhiteTitle "IM"]
[BlackTitle "FM"]
[WhiteElo "2232"]
[BlackElo "2342"]
[WhiteFideId "803618"]
[BlackFideId "1402137"]
[EventDate "2016.07.22"]

1. c4 c5 2. Nc3 Nc6 3. g3 g6 4. Bg2 Bg7 5. d3 e5 6. e3 Nge7 7. Nge2 d6 8. b3 Be6
9. Bb2 Qd7 10. Nd5 O-O 11. O-O Bh3 12. Bxh3 Qxh3 13. Qd2 Rab8 14. Nec3 Nxd5 15.
Nxd5 b5 16. f4 bxc4 17. dxc4 Qe6 18. Nc7 Qe7 19. Nd5 Qe6 20. Nc7 Qe7 21. Nd5 1/2-1/2

[Event "27th Czech Open A 2016"]
[Site "Pardubice CZE"]
[Date "2016.07.29"]
[Round "8.78"]
[White "Ruff, Maximilian"]
[Black "Kulon, Klaudia"]
[Result "0-1"]
[WhiteTitle "FM"]
[BlackTitle "WGM"]
[WhiteElo "2226"]
[BlackElo "2334"]
[WhiteFideId "1271670"]
[BlackFideId "1131044"]
[EventDate "2016.07.22"]

1. e4 e5 2. Nf3 Nc6 3. Bc4 Nf6 4. d3 h6 5. O-O d6 6. Re1 g6 7. d4 Bg4 8. Bb5 Nd7
9. Bxc6 bxc6 10. Nbd2 exd4 11. h3 Bxf3 12. Nxf3 c5 13. e5 dxe5 14. Nxe5 Nxe5 15.
Rxe5+ Be7 16. Qf3 Kf8 17. Rxe7 Kxe7 18. Bf4 f6 19. Qc6 Kf7 20. Qxc5 g5 21. Bg3
Qd7 22. Rd1 Rhd8 23. Qc4+ Qd5 24. Qd3 Kg7 25. Bxc7 Rd7 26. Bg3 Qxa2 27. b3 Qa5
28. h4 Re8 29. c3 Qd5 30. cxd4 Re4 31. hxg5 hxg5 32. Bb8 a5 33. Qh3 Rxd4 34. Re1
Rd1 35. Rxd1 Qxd1+ 36. Kh2 Kg6 37. Qe3 Qh5+ 38. Kg3 Kf7 39. Qe4 Qh4+ 40. Qxh4
gxh4+ 41. Kxh4 Rb7 0-1

[Event "27th Czech Open A 2016"]
[Site "Pardubice CZE"]
[Date "2016.07.29"]
[Round "8.79"]
[White "Poulopoulos, Ioannis"]
[Black "Pultinevicius, Paulius"]
[Result "0-1"]
[WhiteElo "2212"]
[BlackElo "2325"]
[WhiteFideId "4218078"]
[BlackFideId "12809390"]
[EventDate "2016.07.22"]

1. d4 d5 2. c4 e6 3. Nf3 c6 4. g3 Bd6 5. Bg2 f5 6. O-O Nf6 7. Nbd2 O-O 8. b3 Qe7
9. Bb2 b6 10. Qc2 Ne4 11. Ne5 Bb7 12. Rac1 a5 13. f3 Nxd2 14. Qxd2 Bxe5 15. dxe5
dxc4 16. bxc4 Rd8 17. Qe3 c5 18. Qb3 a4 19. Qc2 Nc6 20. a3 Nd4 21. Bxd4 cxd4 22.
Qd3 Qc5 23. Rb1 Ba6 24. Rb4 Rac8 25. Rxa4 Bxc4 26. Rxc4 Qxc4 27. Qxc4 Rxc4 28.
Rb1 Rb8 29. f4 b5 30. Kf2 Rc3 31. Ra1 Rc2 32. Rd1 Rd8 33. Rd3 Rc3 34. Rd2 d3 0-1

[Event "27th Czech Open A 2016"]
[Site "Pardubice CZE"]
[Date "2016.07.29"]
[Round "8.80"]
[White "Petr, Jan1"]
[Black "Warakomska, Anna"]
[Result "0-1"]
[BlackTitle "WIM"]
[WhiteElo "2173"]
[BlackElo "2321"]
[WhiteFideId "305154"]
[BlackFideId "1130790"]
[EventDate "2016.07.22"]

1. e4 c5 2. Nf3 e6 3. d3 Nc6 4. g3 Nf6 5. Bg2 Be7 6. O-O O-O 7. Qe2 e5 8. c3 d6
9. Na3 h6 10. Nc2 Re8 11. Nh4 d5 12. exd5 Nxd5 13. Ne3 Nxe3 14. Bxe3 Bxh4 15.
gxh4 Qxh4 16. Bxc5 Bh3 17. Qe4 Qg5 18. Be3 Bxg2 19. Qxg2 Qxg2+ 20. Kxg2 Rad8 21.
Rfd1 Rd7 22. Rd2 Red8 23. Rad1 f5 24. f3 f4 25. Bc5 Kf7 26. Kf2 b6 27. Ba3 g5
28. h3 Kf6 29. Ke2 h5 30. Rg1 Kf5 31. b3 Rg7 32. Kf2 g4 33. hxg4+ hxg4 34. fxg4+
Rxg4 35. Rxg4 Kxg4 36. Rd1 e4 37. Rg1+ Kf5 38. dxe4+ Kxe4 39. Re1+ Kf5 40. Bc1
Ne5 41. Rh1 Ng4+ 42. Ke2 Ke4 43. Rf1 Rf8 44. Rxf4+ Rxf4 45. Bxf4 Kxf4 46. Kd3
Ke5 47. Kc4 a6 48. Kb4 Ne3 49. c4 Kd4 0-1

[Event "27th Czech Open A 2016"]
[Site "Pardubice CZE"]
[Date "2016.07.29"]
[Round "8.81"]
[White "Solozhenkina, Elizaveta"]
[Black "Nun, Jiri"]
[Result "1/2-1/2"]
[WhiteTitle "WFM"]
[BlackTitle "IM"]
[WhiteElo "2123"]
[BlackElo "2317"]
[WhiteFideId "34106615"]
[BlackFideId "300179"]
[EventDate "2016.07.22"]

1. e4 c6 2. d4 g6 3. Nc3 d5 4. h3 Nh6 5. Nf3 f6 6. Be2 Nf7 7. O-O Bg7 8. Re1 O-O
9. Bf1 e6 10. a4 a5 11. b3 Na6 12. Ba3 Re8 13. exd5 exd5 14. Rxe8+ Qxe8 15. Bxa6
Rxa6 16. Qe1 Be6 17. Qe2 Ra8 18. Re1 Bd7 19. Qxe8+ Rxe8 20. Rxe8+ Bxe8 21. Bc5
Bd7 22. Nd1 f5 23. Bb6 g5 24. c3 f4 25. Bxa5 Bf5 26. Nb2 Bf8 27. Ne1 Bd6 28.
Nbd3 h5 29. Bb6 g4 30. hxg4 hxg4 31. a5 Ng5 32. Nc5 Bc8 33. f3 gxf3 34. gxf3 Kg7
35. Kf2 Kg6 36. Ned3 Ne6 37. Nxe6 Bxe6 38. Bc5 Bc7 39. Bb4 Bc8 40. Nc5 Kf5 41.
Nd3 Kf6 42. Ke2 Kf5 43. Kd2 Kg5 44. Be7+ Kf5 45. b4 Ke6 46. Bf8 Kf6 47. Bh6 Kf5
48. Bg7 b6 49. axb6 Bxb6 50. Be5 Ba6 51. Nxf4 Bd8 52. Ng2 Bg5+ 53. f4 Bh6 54.
Ke3 Kg4 55. Kf2 Bd3 56. Ne3+ Kh4 57. Bf6+ Kh5 58. Kg3 Bf8 59. Ng4 Bd6 60. Be5
Be7 61. Nh2 Bh4+ 62. Kf3 Be1 63. Ke3 Bb5 64. Nf3 Bxc3 65. Bd6 Kg4 66. Ne5+ 1/2-1/2

[Event "27th Czech Open A 2016"]
[Site "Pardubice CZE"]
[Date "2016.07.29"]
[Round "8.83"]
[White "Sarkozy, Ladislav"]
[Black "Mueer, Sebastian"]
[Result "0-1"]
[WhiteElo "2292"]
[BlackElo "2216"]
[WhiteFideId "14900300"]
[BlackFideId "24622001"]
[EventDate "2016.07.22"]

1. d4 Nf6 2. c4 g6 3. Nc3 Bg7 4. e4 d6 5. Nf3 O-O 6. Be2 e5 7. O-O Nc6 8. d5 Ne7
9. b4 c6 10. a4 a5 11. Ba3 axb4 12. Bxb4 c5 13. Ba3 Nh5 14. Nd2 Nf4 15. Bf3 f5
16. Nb5 Ra6 17. Bb2 Kh8 18. Bc3 Ng8 19. Ra3 Nf6 20. a5 h5 21. Qb1 Nh7 22. Rb3
Ng5 23. Na3 Nxf3+ 24. Nxf3 Ne2+ 25. Kh1 Nxc3 26. Rxc3 fxe4 27. Qxe4 Bf5 28. Qe3
e4 29. Ng5 Bd4 30. Qd2 e3 0-1

[Event "27th Czech Open A 2016"]
[Site "Pardubice CZE"]
[Date "2016.07.29"]
[Round "8.84"]
[White "Gibicar, Danijel"]
[Black "Wehner, Janis"]
[Result "1-0"]
[WhiteTitle "FM"]
[WhiteElo "2291"]
[BlackElo "2210"]
[WhiteFideId "24660256"]
[BlackFideId "4693299"]
[EventDate "2016.07.22"]

1. e4 c5 2. Nf3 Nc6 3. d4 cxd4 4. Nxd4 g6 5. Be2 Bg7 6. Nb3 Nf6 7. Nc3 O-O 8.
Be3 d6 9. f4 Be6 10. g4 Rc8 11. g5 Nd7 12. Qd2 Na5 13. Bd4 f6 14. h4 Nc4 15.
Bxc4 Bxc4 16. O-O-O fxg5 17. Bxg7 Kxg7 18. hxg5 Rf7 19. Nd5 Nf8 20. Kb1 Bxd5 21.
exd5 Qc7 22. Nd4 Qc4 23. f5 gxf5 24. g6 Nxg6 25. Ne6+ Kh8 26. Rh3 Qg4 27. Rdh1
Nf8 28. Nxf8 Rcxf8 29. Qc3+ Rf6 30. Rxh7+ Kg8 31. Rh8+ Kf7 32. R1h7+ Kg6 33.
Rh6+ Kg5 34. b3 Rxh8 35. Rxh8 f4 36. Qd3 Qg1+ 37. Kb2 Qe3 38. Qh7 Qd4+ 39. c3
Qf2+ 40. Ka3 Qc5+ 41. Kb2 Qf2+ 42. Ka3 f3 43. Qe4 b5 44. b4 a5 45. Rg8+ Kh6 46.
Kb3 axb4 47. Qxe7 1-0

[Event "27th Czech Open A 2016"]
[Site "Pardubice CZE"]
[Date "2016.07.29"]
[Round "8.85"]
[White "Wozniak, Mariola"]
[Black "Rabatin, Jakub"]
[Result "1-0"]
[WhiteTitle "WIM"]
[BlackTitle "FM"]
[WhiteElo "2166"]
[BlackElo "2281"]
[WhiteFideId "1152050"]
[BlackFideId "329517"]
[EventDate "2016.07.22"]

1. e4 c5 2. Nf3 Nc6 3. d4 cxd4 4. Nxd4 Nf6 5. Nc3 e6 6. Nxc6 bxc6 7. Bd3 d5 8.
O-O Be7 9. Re1 d4 10. Nb1 e5 11. h3 Be6 12. Nd2 Qc7 13. Nc4 Nd7 14. Bd2 O-O 15.
Qf3 Nc5 16. Rac1 f5 17. exf5 Nxd3 18. cxd3 Bd5 19. Qg4 Bf6 20. Bb4 Rfe8 21. b3
Qd7 22. Nd6 Rf8 23. Ne4 Bxe4 24. Qxe4 Rfc8 25. Rc4 Rab8 26. Rec1 Rb6 27. Bd2 Kh8
28. g4 h6 29. Kg2 Ra6 30. R4c2 Kg8 31. a4 Qb7 32. a5 Qxb3 33. Rc5 Qb7 34. Kg3
Qd7 35. h4 Qe7 36. g5 hxg5 37. hxg5 Bxg5 38. Rxe5 Qd8 39. f6 Bxd2 40. Rh1 Bh6
41. f7+ 1-0

[Event "27th Czech Open A 2016"]
[Site "Pardubice CZE"]
[Date "2016.07.29"]
[Round "8.86"]
[White "Oberhofer, Cedric"]
[Black "Okun, Leonid"]
[Result "0-1"]
[BlackTitle "FM"]
[WhiteElo "2091"]
[BlackElo "2278"]
[WhiteFideId "12941220"]
[BlackFideId "4181379"]
[EventDate "2016.07.22"]

1. d4 Nf6 2. c4 g6 3. Nf3 Bg7 4. g3 c5 5. d5 O-O 6. Bg2 d6 7. O-O Na6 8. Nc3 Rb8
9. e4 Bg4 10. h3 Bxf3 11. Qxf3 Nc7 12. Qe2 e6 13. Bd2 Re8 14. Qd3 exd5 15. exd5
Nd7 16. f4 f5 17. Rae1 Nf6 18. Rxe8+ Qxe8 19. Re1 Qd7 20. a4 a6 21. Bf1 b6 22.
b3 Kf8 23. Qf3 h5 24. Bd3 Kf7 25. h4 Ng4 26. Kg2 Qd8 27. Qe2 Qf6 28. Qf3 Kf8 29.
Re2 Qd4 30. Be1 Re8 31. Rxe8+ Kxe8 32. Qe2+ Kd7 33. Bd2 Kd8 34. Be1 Kc8 35. Nd1
Qa1 36. Nf2 Nh6 37. Qd1 Qb2 38. Qc2 Qd4 39. Nd1 Qa1 40. Qb1 Qxb1 41. Bxb1 b5 42.
axb5 axb5 43. Kf3 Ng4 44. Ne3 Nxe3 45. Kxe3 Bd4+ 46. Ke2 Kb7 47. Bc2 Kb6 48. Bd3
Bb2 49. Kd1 bxc4 50. bxc4 Ne8 51. Bc2 Nf6 52. Ke2 Kc7 53. Kf3 Kd7 54. Ba4+ Ke7
55. Bc2 Bd4 56. Bd2 Ng4 57. Be1 Bb2 58. Bb3 Ba3 59. Ba4 Bc1 60. Bb3 Ne3 61. Bc3
Ng4 62. Be1 Ba3 63. Bc3 Nh6 64. Ba4 Nf7 65. Bg7 Bb4 66. Bb2 Nd8 67. Bc1 Nb7 68.
Bb3 Na5 69. Ba2 Be1 70. Be3 Kd8 71. Bc1 Kc7 72. Bb2 Kb6 73. Ba3 Bc3 74. Ke2 Nb7
75. Bb3 Ka5 76. Bc2 Nd8 77. Kf3 Nf7 78. Ke2 Nh6 79. Kf3 Ng4 80. Ke2 Nf6 81. Kf3
Ba1 82. Ke3 Bd4+ 83. Ke2 Ne4 84. Bxe4 fxe4 85. Bc1 Kb4 86. f5 gxf5 87. Bf4 Kxc4
88. Bxd6 Kxd5 89. Bb8 Be5 0-1

[Event "27th Czech Open A 2016"]
[Site "Pardubice CZE"]
[Date "2016.07.29"]
[Round "8.87"]
[White "Olson, Hamish"]
[Black "Hacker, Jonas"]
[Result "0-1"]
[BlackTitle "FM"]
[WhiteElo "2068"]
[BlackElo "2275"]
[WhiteFideId "2404257"]
[BlackFideId "1270968"]
[EventDate "2016.07.22"]

1. Nf3 d5 2. g3 c6 3. Bg2 Bg4 4. O-O Nd7 5. d3 e5 6. e4 Bd6 7. Qe1 Ne7 8. h3 Bh5
9. Nbd2 O-O 10. a4 a5 11. Nb3 f6 12. exd5 cxd5 13. Nfd4 Bf7 14. Nb5 Bb8 15. d4
e4 16. Be3 Nc6 17. Qc1 f5 18. Bf4 Nf6 19. Bxb8 Qxb8 20. Qg5 Bg6 21. Nc5 Re8 22.
h4 b6 23. Nb3 h6 24. Qd2 Nh5 25. Bh3 Qd8 26. Nc1 f4 27. Qc3 Nb4 28. Qc7 Qf6 29.
Ra3 Re7 30. Qc3 Bf5 31. gxf4 Nxf4 32. Bxf5 Qxf5 33. Kh2 e3 0-1

[Event "27th Czech Open A 2016"]
[Site "Pardubice CZE"]
[Date "2016.07.29"]
[Round "8.88"]
[White "Yakimenko, Alexander A."]
[Black "Kourousis, Epaminondas"]
[Result "0-1"]
[BlackTitle "IM"]
[WhiteElo "2171"]
[BlackElo "2382"]
[WhiteFideId "24141917"]
[BlackFideId "4211626"]
[EventDate "2016.07.22"]

1. e4 c6 2. d4 d5 3. Nc3 dxe4 4. Nxe4 Bf5 5. Ng3 Bg6 6. Nf3 Nd7 7. h4 h6 8. h5
Bh7 9. Bd3 Bxd3 10. Qxd3 e6 11. Bf4 Qa5+ 12. Bd2 Bb4 13. c3 Be7 14. c4 Qc7 15.
O-O-O Ngf6 16. Kb1 O-O 17. Rhe1 a5 18. Ne5 Nxe5 19. dxe5 Rfd8 20. Qc2 Nd7 21. f4
Nc5 22. Be3 Rxd1+ 23. Rxd1 Rd8 24. Bxc5 Bxc5 25. Ne4 Be3 26. g3 Bd4 27. Rd3 c5
28. g4 Qc6 29. Rd1 a4 30. a3 Ra8 31. Nd6 Rd8 32. Nb5 Rd7 33. Rf1 f6 34. exf6
Bxf6 35. Re1 Re7 36. Qe4 Qxe4+ 37. Rxe4 Rd7 38. Kc2 Kf7 39. Re2 Rd8 40. Rg2 g6
41. g5 hxg5 42. fxg5 Bd4 43. Nxd4 Rxd4 44. Rf2+ Kg8 45. hxg6 Rxc4+ 46. Kd3 Rd4+
47. Kc3 b5 48. Re2 Rc4+ 49. Kd3 Rd4+ 50. Kc3 Rd6 51. b3 axb3 52. Kxb3 Kg7 53. a4
c4+ 54. Kb4 bxa4 55. Kxa4 Kxg6 56. Kb4 Kxg5 57. Kxc4 Kf4 58. Re1 e5 59. Rf1+ Kg4
60. Rg1+ Kf3 61. Kc3 e4 62. Rg8 e3 63. Rf8+ Kg2 64. Re8 Kf2 65. Rf8+ Ke1 66. Re8
e2 67. Rf8 Kd1 0-1

[Event "27th Czech Open A 2016"]
[Site "Pardubice CZE"]
[Date "2016.07.29"]
[Round "8.90"]
[White "Gergel, Vladimir P"]
[Black "Erenberg, Ariel"]
[Result "1/2-1/2"]
[WhiteTitle "FM"]
[BlackTitle "FM"]
[WhiteElo "2192"]
[BlackElo "2359"]
[WhiteFideId "14100550"]
[BlackFideId "2811634"]
[EventDate "2016.07.22"]

1. d4 Nf6 2. c4 e6 3. Nc3 Bb4 4. Qc2 d5 5. a3 Bxc3+ 6. Qxc3 O-O 7. Nf3 h6 8. Bf4
b6 9. e3 Bb7 10. b4 a5 11. c5 Ne4 12. Qb2 Nd7 13. Be2 Re8 14. O-O bxc5 15. bxc5
Bc6 16. a4 Rb8 17. Bb5 Qc8 18. Rab1 Qb7 19. Ne5 Nxe5 20. Bxe5 f6 21. Bf4 Re7 22.
f3 Ng5 23. Qc3 Ra8 24. Bxg5 hxg5 25. f4 gxf4 26. exf4 Bxb5 27. axb5 a4 28. Qb4
Ree8 29. Rf3 Qa7 30. Ra3 Qa5 31. Kf2 Reb8 32. g4 Kf7 33. h4 Qxb4 34. Rxb4 e5 35.
Ke3 Ra5 36. dxe5 fxe5 37. fxe5 Rbxb5 38. Rxb5 Rxb5 39. Kd4 Ke6 40. Rxa4 c6 41.
h5 Rb1 42. Ra6 Rb4+ 43. Kd3 Kxe5 44. Rxc6 Rxg4 45. Rg6 Rxg6 46. hxg6 d4 1/2-1/2

[Event "27th Czech Open A 2016"]
[Site "Pardubice CZE"]
[Date "2016.07.29"]
[Round "8.91"]
[White "Lokander, Martin"]
[Black "Jakubowska, Anna"]
[Result "1/2-1/2"]
[WhiteTitle "FM"]
[BlackTitle "WIM"]
[WhiteElo "2359"]
[BlackElo "2208"]
[WhiteFideId "1709569"]
[BlackFideId "1121952"]
[EventDate "2016.07.22"]

1. d4 d5 2. c4 c6 3. Nf3 Nf6 4. e3 e6 5. Nbd2 Nbd7 6. Bd3 Bd6 7. O-O O-O 8. e4
dxe4 9. Nxe4 Nxe4 10. Bxe4 h6 11. Bc2 e5 12. b3 exd4 13. Qxd4 Bc5 14. Qc3 Nf6
15. Bb2 Be6 16. Rad1 Qb6 17. Nd4 Bg4 18. Nf5 Bxf5 19. Bxf5 1/2-1/2

[Event "27th Czech Open A 2016"]
[Site "Pardubice CZE"]
[Date "2016.07.29"]
[Round "8.92"]
[White "Majer, Jiri"]
[Black "Krivenko, Sergey"]
[Result "1/2-1/2"]
[WhiteTitle "FM"]
[WhiteElo "2188"]
[BlackElo "2354"]
[WhiteFideId "307564"]
[BlackFideId "24124753"]
[EventDate "2016.07.22"]

1. d4 e6 2. Nf3 Nf6 3. g3 c5 4. Bg2 cxd4 5. Nxd4 d5 6. O-O e5 7. Nb3 Nc6 8. Bg5
Be6 9. Nc3 d4 10. Ne4 Be7 11. Nxf6+ Bxf6 12. Bxf6 Qxf6 13. Nc5 Bc8 14. e3 O-O
15. exd4 exd4 16. Qf3 1/2-1/2

[Event "27th Czech Open A 2016"]
[Site "Pardubice CZE"]
[Date "2016.07.30"]
[Round "9.1"]
[White "Nabaty, Tamir"]
[Black "Movsesian, Sergei"]
[Result "1/2-1/2"]
[WhiteTitle "GM"]
[BlackTitle "GM"]
[WhiteElo "2622"]
[BlackElo "2666"]
[WhiteFideId "2809052"]
[BlackFideId "310204"]
[EventDate "2016.07.22"]

1. e4 e5 2. Nf3 Nc6 3. Bc4 Bc5 4. O-O Nf6 5. d3 d6 6. c3 a6 7. Bg5 h6 8. Bh4 Ba7
9. a4 Qe7 10. Nbd2 Be6 11. b4 O-O 12. Qb3 g5 13. Bg3 Nh5 14. Rfe1 Qf6 15. Kh1
Ne7 16. d4 Ng6 17. h3 Rae8 18. Bxe6 1/2-1/2

[Event "27th Czech Open A 2016"]
[Site "Pardubice CZE"]
[Date "2016.07.30"]
[Round "9.3"]
[White "Vetoshko, Volodymyr"]
[Black "Kravtsiv, Martyn"]
[Result "1/2-1/2"]
[WhiteTitle "IM"]
[BlackTitle "GM"]
[WhiteElo "2430"]
[BlackElo "2631"]
[WhiteFideId "14122480"]
[BlackFideId "14113147"]
[EventDate "2016.07.22"]

1. e4 e5 2. Nf3 Nc6 3. Bb5 a6 4. Ba4 Nf6 5. O-O Be7 6. Re1 b5 7. Bb3 O-O 8. c3
d5 9. exd5 Nxd5 10. Nxe5 Nxe5 11. Rxe5 c6 12. d4 Bd6 13. Re1 Qh4 14. g3 Qh3 15.
Be3 Bg4 16. Qd3 Rae8 1/2-1/2

[Event "27th Czech Open A 2016"]
[Site "Pardubice CZE"]
[Date "2016.07.30"]
[Round "9.4"]
[White "Ganguly, Surya Shekhar"]
[Black "Yuffa, Daniil"]
[Result "1/2-1/2"]
[WhiteTitle "GM"]
[BlackTitle "IM"]
[WhiteElo "2676"]
[BlackElo "2502"]
[WhiteFideId "5002150"]
[BlackFideId "24131423"]
[EventDate "2016.07.22"]

1. e4 Nf6 2. e5 Nd5 3. d4 d6 4. c4 Nb6 5. exd6 exd6 6. Nc3 Be7 7. h3 O-O 8. Bd3
Bf6 9. Nge2 Nc6 10. Bb1 g6 11. b3 a5 12. O-O a4 13. Bb2 Ne7 14. Qc1 axb3 15.
axb3 Rxa1 16. Bxa1 Re8 17. g4 d5 18. c5 Nd7 19. Qf4 Nc6 20. Rd1 Nf8 21. Qf3 Nb4
22. Bb2 c6 23. Ba3 Na6 24. b4 Nc7 25. Bc1 Nce6 26. Be3 Bg5 27. Kg2 Ng7 28. Ng3
Nfe6 29. Bd3 h5 30. Rh1 Bxe3 31. fxe3 Qh4 32. gxh5 gxh5 33. Nd1 Ng5 34. Qf4
Bxh3+ 35. Kf2 Qxf4+ 36. exf4 N5e6 37. Rxh3 Nxf4 38. Bf1 Nxh3+ 39. Bxh3 Ra8 40.
Nc3 Ra3 41. Nge2 Ne6 42. b5 Kg7 43. b6 Kg6 44. Bg2 f5 45. Nb5 Ra2 46. Bxd5 cxd5
47. c6 Nxd4 48. Nxd4 bxc6 49. Nxc6 Rb2 50. Ne7+ Kf7 51. Nxd5 Ke6 52. Nf4+ Kd6
53. Nxh5 Rxb6 1/2-1/2

[Event "27th Czech Open A 2016"]
[Site "Pardubice CZE"]
[Date "2016.07.30"]
[Round "9.5"]
[White "Laznicka, Viktor"]
[Black "Zumsande, Martin"]
[Result "1-0"]
[WhiteTitle "GM"]
[BlackTitle "IM"]
[WhiteElo "2654"]
[BlackElo "2487"]
[WhiteFideId "316385"]
[BlackFideId "4651324"]
[EventDate "2016.07.22"]

1. Nf3 d5 2. g3 Nf6 3. Bg2 e6 4. c4 dxc4 5. Qa4+ Nbd7 6. Qxc4 c5 7. O-O a6 8.
Qc2 Bd6 9. Nc3 Qc7 10. d4 b5 11. Ne4 Nxe4 12. Qxe4 Bb7 13. Qg4 Kf8 14. dxc5 Bxc5
15. Bf4 Qb6 16. Rac1 h5 17. Qh3 Bd5 18. a3 a5 19. Rc2 Rd8 20. Rfc1 Bxf2+ 21. Kf1
Nc5 22. b4 axb4 23. axb4 Ne4 24. Bc7 Qe3 25. Qh4 Re8 26. Bf4 Qb6 27. Ne5 Nf6 28.
e4 Be3 29. exd5 Bxc1 30. Rxc1 exd5 31. Bxd5 Qd4 32. Nd7+ Kg8 33. Nxf6+ gxf6 34.
Bf3 Qxb4 35. Qxf6 Rh7 36. Be5 Qd2 37. Rd1 Qe3 38. Rd8 Qxe5 39. Qxe5 Rxd8 40.
Qg5+ 1-0

[Event "27th Czech Open A 2016"]
[Site "Pardubice CZE"]
[Date "2016.07.30"]
[Round "9.6"]
[White "Gurevich, Daniel"]
[Black "Stocek, Jiri"]
[Result "0-1"]
[WhiteTitle "IM"]
[BlackTitle "GM"]
[WhiteElo "2459"]
[BlackElo "2550"]
[WhiteFideId "2044676"]
[BlackFideId "304760"]
[EventDate "2016.07.22"]

1. d4 Nf6 2. c4 e6 3. Nf3 b6 4. g3 Bb4+ 5. Bd2 Bxd2+ 6. Qxd2 Ba6 7. b3 c6 8. Nc3
d5 9. e4 h6 10. Bd3 dxe4 11. Nxe4 O-O 12. O-O Nbd7 13. Qe3 c5 14. dxc5 bxc5 15.
Rad1 Qc7 16. Nd6 Rad8 17. Rfe1 Bb7 18. Nxb7 Qxb7 19. Bf1 Qb6 20. Bg2 Nb8 21. Ne5
Rd6 22. Rxd6 Qxd6 23. Bf3 Rc8 24. Rd1 Qc7 25. h4 Kf8 26. Kg2 Nfd7 27. Nd3 a5 28.
g4 Na6 29. g5 hxg5 30. hxg5 Nb4 31. Nf4 Nc2 32. Qe4 Nd4 33. Rh1 Kg8 34. g6 f5
35. Qe3 Qe5 36. Bb7 Rb8 37. Qh3 Kf8 38. Qh4 Nf6 39. Nd3 Qd6 40. Qh8+ Ng8 41. Qh2
Qxh2+ 42. Kxh2 Rxb7 43. Nxc5 Rc7 44. Rd1 Rxc5 45. Rxd4 Ke7 46. a3 e5 47. Rh4 Rc6
48. Rh5 Nh6 0-1